000 01503cam a22003015a 4500
001 L159104
008 121121s2013 xxko f 000 0 eng d
020 _a9781848063211
035 _a(Sirsi) u159104
041 0 _aeng
050 0 4 _a691
100 1 _aAlbury, Kim
245 0 0 _aEnvironmental impact of metal
260 _aWatford
_bBRE
_c2013
300 _a16p.
_bill.
_c30cm.
490 0 _aBRE
_v(FB 57)
520 _aReviews how metals have been assessed within The Green Guide to Specification, including the application of the Environmental Profiles methodology, which underlies data. The way in which metals are addressed within building-level environmental assessment schemes such as BREEAM and the Code for Sustainable Homes is also explained. Gives manufacturers and specifiers a general understanding of the significant benefits and impacts of metal products over their whole life cycle and help to identify opportunities for improvements to their environmental performance. It is part of a series that provides comparable information on cladding, floor finishes, insulation, masonry and concrete, metals, timber and windows to assess the environmental impact of specific construction materials.
521 _aAdvanced
590 _aKA
650 2 4 _aENVIRONMENTAL ASSESSMENT
650 2 4 _aMETAL
651 4 _aUnited Kingdom
_y
690 _aBuilding materials and defects
690 _aEnvironment
_96238
700 1 _aOwen, Abbe
700 1 _aAndreson, Jane
942 _n0
999 _c115677
_d115677